[Event "Championnat de Corse"]
[Site "Bastia"]
[Date "2012.06.23"]
[Round "1.1"]
[White "Humeau, Cyril"]
[Black "Utrera, Ludovic"]
[Result "1/2-1/2"]
[WhiteElo "2279"]
[BlackElo "1953"]
[PlyCount "105"]

1. d4 Nf6 2. g3 g6 3. Bg2 d6 4. Nf3 Bg7 5. b3 O-O 6. Bb2 c5 7. c4 Bg4 8. h3
$146 Bf5 9. Nc3 Nc6 10. O-O Qd7 11. Kh2 cxd4 12. Nd5 e5 13. g4 Be6 14. e3 Nxd5
15. cxd5 Bxd5 16. exd4 Bxf3 17. Bxf3 Nxd4 18. Bxd4 exd4 19. Qd3 Rac8 20. Kg2
Rfe8 21. Rae1 Re5 22. Rd1 Rec5 23. Qe4 d5 24. Qe2 Re8 25. Qd2 Rc3 26. Rfe1 Rec8
27. Qg5 R3c5 28. Re2 h6 29. Qd2 Qd6 30. Rde1 R8c7 31. Kg1 Kh7 32. Kg2 Rc3 33.
Rd1 Rxf3 34. Kxf3 Qh2 35. Re8 Rc3+ 36. Ke2 d3+ 37. Qxd3 Rxd3 38. Rxd3 d4 39.
Rg3 Qh1 40. Rf3 Qb1 41. Rxf7 Qc2+ 42. Kf1 Qc1+ 43. Re1 Qc3 44. Ree7 Qxh3+ 45.
Ke2 Qxg4+ 46. Kd2 Qg5+ 47. f4 Qg2+ 48. Ke1 Qg3+ 49. Kf1 Qf3+ 50. Kg1 Qg3+ 51.
Kf1 Qf3+ 52. Kg1 Qg3+ 53. Kf1 1/2-1/2

[Event "Championnat de Corse"]
[Site "Bastia"]
[Date "2012.06.23"]
[Round "1.2"]
[White "Battesti, Marc-Andria"]
[Black "Brethes, Francois"]
[Result "0-1"]
[WhiteElo "1988"]
[BlackElo "2244"]
[PlyCount "110"]

1. d4 d5 2. Nf3 e6 3. c4 dxc4 4. e3 Nf6 5. Bxc4 c5 6. O-O a6 7. a4 cxd4 8. exd4
Nc6 9. Nc3 Be7 10. d5 exd5 11. Nxd5 Nxd5 12. Bxd5 O-O 13. Qb3 Bf6 14. Bf4 Bf5
15. Rfe1 Na5 16. Qa2 Qb6 17. Ne5 Bxe5 18. Rxe5 Bg6 19. Rae1 Qd4 20. g3 Rac8 21.
b4 Rc2 22. Bxf7+ Kh8 23. Qxc2 Bxc2 24. Re8 Qxb4 25. Bd2 Qa3 26. Bc1 Qc5 27.
R1e5 Qd6 28. Rxf8+ Qxf8 29. Re8 Qxe8 30. Bxe8 Nc4 31. Bg5 Kg8 32. Be7 Be4 33.
Kf1 Bc6 34. Bxc6 bxc6 35. Ke2 Kf7 36. Bb4 Ke6 37. Bc3 g6 38. Kd3 Kd5 39. f4 Nd6
40. g4 Ne4 41. f5 Nf2+ 42. Ke2 Nxg4 43. h3 Nh6 44. f6 Ke6 45. Kd3 Ng8 46. Kc4
Nxf6 47. Bxf6 Kxf6 48. Kc5 g5 49. Kb6 h5 50. Kxa6 g4 51. hxg4 hxg4 52. Kb6 g3
53. a5 g2 54. a6 g1=Q+ 55. Kxc6 Qa7 0-1

[Event "Championnat de Corse"]
[Site "Bastia"]
[Date "2012.06.23"]
[Round "1.3"]
[White "Battesti, Saveriu"]
[Black "Luciani, Thibault"]
[Result "1-0"]
[WhiteElo "2000"]
[BlackElo "1998"]
[PlyCount "49"]

1. e4 c5 2. Nf3 d6 3. d4 cxd4 4. Nxd4 Nf6 5. Nc3 g6 6. Be3 Bg7 7. f3 O-O 8. Qd2
Nc6 9. g4 Be6 10. Nxe6 fxe6 11. O-O-O Ne5 12. Be2 Rc8 13. h4 Qa5 14. Kb1 Nc4
15. Bxc4 Rxc4 16. h5 Rb4 17. b3 Rc8 18. hxg6 hxg6 19. Bh6 Bh8 20. Ne2 Rc6 21.
Bf8 Qe5 22. Rxh8+ Kf7 23. Bh6 Ng8 24. Rh7+ Ke8 25. Qxb4 1-0

[Event "Championnat de Corse"]
[Site "Bastia"]
[Date "2012.06.23"]
[Round "1.4"]
[White "Massoni, Michael"]
[Black "Guillemart, Serge"]
[Result "1-0"]
[WhiteElo "2360"]
[BlackElo "1780"]
[PlyCount "145"]

1. d4 d6 2. Nf3 Nf6 3. c4 g6 4. Nc3 Bg7 5. Bf4 O-O 6. e3 Nbd7 7. Be2 c5 8. O-O
h6 9. h3 b6 10. Bh2 Bb7 11. d5 Nh7 12. Qc2 f5 13. e4 f4 14. e5 Nxe5 15. Nxe5
dxe5 16. Bd3 f3 17. Bxg6 Ng5 18. Be4 Qd7 19. h4 fxg2 20. Bxg2 Nf3+ 21. Bxf3
Rxf3 22. Bg3 Raf8 23. Rad1 Qg4 24. Rfe1 Bc8 25. Ne4 Bf5 26. Qe2 Bxe4 27. Qxe4
R8f4 28. Qc2 Rxc4 29. Qe2 Rd4 30. Rxd4 cxd4 31. Kg2 Rf4 32. Qxg4 Rxg4 33. Kf3
h5 34. Bxe5 Bxe5 35. Rxe5 Rxh4 36. Rxe7 d3 37. Ke3 Rd4 38. Kd2 Rxd5 39. Rxa7 b5
40. Re7 Kf8 41. Re3 h4 42. Re4 Rf5 43. Rxh4 Rxf2+ 44. Kc3 Rc2+ 45. Kb3 Ke7 46.
Rd4 Rd2 47. Rb4 Rh2 48. Rxb5 Kd6 49. Rb8 Kc7 50. Rb4 Kc6 51. Rd4 Rd2 52. a3 Kc5
53. Rd8 Kb6 54. Kc3 Rc2+ 55. Kxd3 Rc1 56. Rb8+ Ka5 57. Rb4 Rc7 58. Rc4 Rh7 59.
Kc2 Kb5 60. Rg4 Rh3 61. Kb1 Rf3 62. Ka2 Rh3 63. Rg5+ Kc4 64. b3+ Kc3 65. Rc5+
Kd4 66. Rc2 Kd3 67. Kb2 Rh7 68. a4 Rb7 69. Rc8 Rh7 70. Ka3 Rh1 71. a5 Rh5 72.
b4 Rh1 73. Ka4 1-0

[Event "Championnat de Corse"]
[Site "Bastia"]
[Date "2012.06.24"]
[Round "2.1"]
[White "Utrera, Ludovic"]
[Black "Guillemart, Serge"]
[Result "1-0"]
[WhiteElo "1953"]
[BlackElo "1780"]
[PlyCount "61"]

1. e4 e5 2. d4 exd4 3. Qxd4 Nc6 4. Qe3 b6 5. Nc3 Bc5 6. Qg3 Nf6 7. Bg5 Bb4 8.
Bd2 Qe7 9. O-O-O d6 10. a3 Bc5 11. Nh3 Ne5 12. f4 Ng6 13. Bb5+ Bd7 14. Bxd7+
Qxd7 15. f5 Nh5 16. Qf3 Ne5 17. Qxh5 O-O-O 18. Bf4 g6 19. Qe2 Nc6 20. Qb5 Kb7
21. Bg5 a6 22. Qa4 Rde8 23. Rhe1 gxf5 24. Bf6 Rhg8 25. b4 Rxg2 26. bxc5 fxe4
27. Nf4 Rf2 28. Nfd5 Qh3 29. Nxe4 Rxe4 30. Rxe4 Qf5 31. Qxc6+ 1-0

[Event "Championnat de Corse"]
[Site "Bastia"]
[Date "2012.06.24"]
[Round "2.2"]
[White "Luciani, Thibault"]
[Black "Massoni, Michael"]
[Result "0-1"]
[WhiteElo "1998"]
[BlackElo "2360"]
[PlyCount "72"]

1. d4 Nf6 2. c4 g6 3. Nc3 d5 4. Bg5 Ne4 5. h4 Bg7 6. cxd5 Nxc3 7. bxc3 Qxd5 8.
e3 Qa5 9. Qd2 e5 10. dxe5 Nd7 11. Nf3 O-O 12. Rc1 Nxe5 13. Nxe5 Bxe5 14. Bc4
Qc5 15. Bb3 a5 16. O-O a4 17. Qd5 Qxd5 18. Bxd5 c6 19. Bf3 Be6 20. c4 Rfe8 21.
Be2 Kg7 22. e4 a3 23. Bd2 Red8 24. Rfd1 Rxd2 25. Rxd2 Bf4 26. Rcc2 Bxd2 27.
Rxd2 Ra4 28. Rc2 Rb4 29. Bd3 Rb2 30. Rxb2 axb2 31. f3 Bxc4 32. Bb1 c5 33. Kf2
Kf6 34. Ke3 Bf1 35. g4 c4 36. f4 Bd3 0-1

[Event "Championnat de Corse"]
[Site "Bastia"]
[Date "2012.06.24"]
[Round "2.3"]
[White "Brethes, Francois"]
[Black "Battesti, Saveriu"]
[Result "1-0"]
[WhiteElo "2244"]
[BlackElo "2000"]
[PlyCount "85"]

1. d4 Nf6 2. c4 g6 3. Nf3 Bg7 4. g3 O-O 5. Bg2 d5 6. cxd5 Nxd5 7. O-O Nc6 8. e3
e5 9. e4 Nb6 10. d5 Ne7 11. Nc3 h6 12. Re1 Kh7 13. b3 c6 14. d6 Ng8 15. Ba3 Re8
16. Qd3 Be6 17. Rad1 Qd7 18. Nd2 f6 19. Nc4 Nxc4 20. bxc4 b6 21. c5 Red8 22.
Qe3 h5 23. Nd5 cxd5 24. exd5 Bg4 25. c6 Qf7 26. f3 Bf5 27. f4 Re8 28. d7 Bxd7
29. cxd7 Qxd7 30. d6 exf4 31. Qxf4 Rxe1+ 32. Rxe1 Re8 33. Rxe8 Qxe8 34. Qd2 Qd7
35. Qc2 f5 36. Bc6 Qd8 37. Qe2 Bf6 38. Qe6 Nh6 39. d7 Bd4+ 40. Kf1 Qf6 41. Qe7+
Qxe7 42. Bxe7 Nf7 43. Bd5 1-0

[Event "Championnat de Corse"]
[Site "Bastia"]
[Date "2012.06.24"]
[Round "2.3"]
[White "Humeau, Cyril"]
[Black "Battesti, Marc Andria"]
[Result "1-0"]
[WhiteElo "2279"]
[BlackElo "1988"]
[PlyCount "102"]

1. c4 e6 2. e4 d5 3. exd5 exd5 4. cxd5 Nf6 5. Bb5+ Bd7 6. Bc4 b5 7. Bb3 Bg4 8.
f3 Bf5 9. Qe2+ Be7 10. Qxb5+ Nbd7 11. d6 Bxb1 12. dxe7 Qxe7+ 13. Qe2 Bd3 14.
Qxe7+ Kxe7 15. Nh3 Nc5 16. Bd1 g5 17. b4 Ne6 18. Bb2 Rab8 19. Be2 Rhd8 20.
Bxf6+ Kxf6 21. Bxd3 Rxd3 22. a3 Re8 23. Kd1 Red8 24. Ra2 Rb3 25. Ke2 Nd4+ 26.
Kf2 Rd3 27. Rc1 Nf5 28. Rc6+ Kg7 29. Rxc7 Rxd2+ 30. Rxd2 Rxd2+ 31. Ke1 Rxg2 32.
Rxa7 Kf6 33. Ra6+ Ke5 34. Ra5+ Kf6 35. Nf2 h5 36. b5 Nd4 37. Kf1 Rxh2 38. b6
Nc6 39. Rc5 Nb8 40. Rc8 Nd7 41. b7 Rh4 42. Rd8 Rc4 43. Ne4+ Ke5 44. Rxd7 Rc1+
45. Kf2 Rb1 46. Nxg5 Kf4 47. Nh3+ Ke5 48. Rxf7 h4 49. Kg2 Kd4 50. Rf4+ Ke3 51.
Re4+ Kd2 1-0

[Event "Championnat de Corse"]
[Site "Bastia"]
[Date "2012.06.25"]
[Round "3.1"]
[White "Battesti, Marc-Andria"]
[Black "Utrera, Ludovic"]
[Result "1-0"]
[WhiteElo "1988"]
[BlackElo "1953"]
[PlyCount "57"]
[EventDate "2012.??.??"]

1. d4 Nf6 2. Nf3 g6 3. c4 Bg7 4. Nc3 d6 5. Bf4 O-O 6. e3 c5 7. Be2 b6 8. O-O
Bb7 9. d5 Nbd7 10. Qd2 Rc8 11. a4 Qc7 12. h3 a6 13. e4 Nh5 14. Bh6 Rfd8 15.
Bxg7 Kxg7 16. Ng5 Nhf6 17. f4 Qb8 18. g4 b5 19. cxb5 axb5 20. Bxb5 h5 21. Bxd7
Rxd7 22. f5 hxg4 23. fxg6 gxh3 24. Nxf7 Kxg6 25. Qh6+ Kxf7 26. Qh7+ Ke8 27.
Qg6+ Kf8 28. Nb5 Ba6 29. Rf4 1-0

[Event "Championnat de Corse"]
[Site "Bastia"]
[Date "2012.06.25"]
[Round "3.2"]
[White "Battesti, Saveriu"]
[Black "Humeau, Cyril"]
[Result "0-1"]
[WhiteElo "2000"]
[BlackElo "2279"]
[PlyCount "114"]

1. e4 e5 2. Nf3 Nf6 3. Nxe5 d6 4. Nf3 Nxe4 5. Nc3 Nxc3 6. dxc3 Be7 7. Be3 Nc6
8. Qd2 Be6 9. h4 h6 10. O-O-O Qd7 11. Kb1 a6 12. Nd4 Nxd4 13. Bxd4 Rg8 14. Bd3
c5 15. Be3 d5 16. f4 O-O-O 17. Be2 Bf5 18. Bf3 Be4 19. Qf2 Qc6 20. g3 f5 21. h5
b6 22. Rhg1 Rge8 23. g4 Bh4 24. Qg2 Be7 25. gxf5 Bf6 26. Qf1 Kc7 27. Bxe4 Rxe4
28. Bc1 b5 29. Qd3 Qe8 30. Qf3 Kc6 31. Bd2 Qd7 32. Qg4 Rde8 33. Bc1 Re2 34. Qh3
R8e4 35. Bd2 Qe8 36. Qf3 Qe7 37. Qh3 Qd6 38. Qf3 Qe7 39. Qd3 Qd7 40. Qh3 Qe8
41. Qf3 Rh2 42. Rh1 Ree2 43. Rhe1 Qe4 44. Qxe4 Rxe4 45. Rxe4 dxe4 46. Bc1 Rxh5
47. Re1 Rxf5 48. Rxe4 h5 49. Re8 Rd5 50. Rh8 h4 51. c4 bxc4 52. c3 Rd8 53. Rh5
Rd5 54. Rh7 Kd7 55. Be3 Ke6 56. Bf2 Kf7 57. Kc2 Kg8 0-1

[Event "Championnat de Corse"]
[Site "Bastia"]
[Date "2012.06.25"]
[Round "3.3"]
[White "Massoni, Michael"]
[Black "Brethes, Francois"]
[Result "1-0"]
[WhiteElo "2360"]
[BlackElo "2244"]
[PlyCount "93"]

1. d4 d5 2. c4 c6 3. cxd5 cxd5 4. Nc3 Nf6 5. Nf3 g6 6. Bf4 a6 7. Qa4+ Bd7 8.
Qb3 Bc6 9. Ne5 Bg7 10. e3 O-O 11. Nxc6 Nxc6 12. Qxb7 Qe8 13. Rc1 e5 14. dxe5
Nxe5 15. Nxd5 Nxd5 16. Qxd5 Qb8 17. Bxe5 Bxe5 18. Bc4 Ra7 19. b3 Rd8 20. Qa5
Rad7 21. Ke2 Qb7 22. Rhd1 Bc7 23. Rxd7 Rxd7 24. Qxa6 Qb8 25. Rd1 Re7 26. Qc6
Qc8 27. h3 Qf5 28. Qf3 Qc2+ 29. Rd2 Qc3 30. Qa8+ Kg7 31. Qd5 Kg8 32. Qd4 Qa5
33. Qf6 Qa3 34. h4 Ba5 35. Rc2 Qb4 36. Qd4 Qb7 37. Bd5 Qa6+ 38. Qc4 Qf6 39. a3
Bc7 40. b4 Qe5 41. a4 Bb6 42. Kf1 Qa1+ 43. Rc1 Qxa4 44. Qc8+ Kg7 45. Qc3+ Kg8
46. Qf6 Qb5+ 47. Kg1 1-0

[Event "Championnat de Corse"]
[Site "Bastia"]
[Date "2012.06.25"]
[Round "3.4"]
[White "Guillemart, Serge"]
[Black "Luciani, Thibault"]
[Result "0-1"]
[WhiteElo "1780"]
[BlackElo "1998"]
[PlyCount "82"]

1. e4 c5 2. Nc3 Nc6 3. Nf3 d6 4. d4 cxd4 5. Nxd4 Nf6 6. g3 g6 7. Bg2 Bd7 8. O-O
Bg7 9. Nde2 O-O 10. Nd5 Nxd5 11. Qxd5 Be6 12. Qb5 Qb6 13. a4 Nb4 14. Bg5 Rfe8
15. c3 Qxb5 16. axb5 Nd3 17. Be3 Bc4 18. Nd4 e5 19. Nc2 Bxb5 20. Rfd1 a6 21. b3
Nc5 22. b4 Na4 23. c4 Bxc4 24. Rxd6 b5 25. Na3 Be6 26. Rc1 Bf8 27. Rdc6 Bxb4
28. Nc2 Bc3 29. f4 Rec8 30. Rxc8+ Rxc8 31. Ne1 b4 32. Nd3 b3 33. Bf1 b2 34.
Nxb2 Bxb2 35. Rd1 Bd4 36. Bxd4 exd4 37. Bxa6 Rd8 38. Kf2 Bb3 39. Rd2 Nc5 40.
Bd3 Nxd3+ 41. Rxd3 Bc2 0-1

[Event "Championnat de Corse"]
[Site "Bastia"]
[Date "2012.06.26"]
[Round "4.1"]
[White "Utrera, Ludovic"]
[Black "Luciani, Thibault"]
[Result "0-1"]
[WhiteElo "1953"]
[BlackElo "1998"]
[PlyCount "96"]
[EventDate "2012.??.??"]

1. e4 c5 2. Nf3 d6 3. d4 cxd4 4. Nxd4 Nf6 5. Nc3 g6 6. Be3 Bg7 7. f3 O-O 8. Qd2
Nc6 9. O-O-O Nxd4 10. Bxd4 Be6 11. Nd5 Bxd5 12. exd5 e5 13. Be3 Qc7 14. h4 Rfc8
15. c3 Rab8 16. h5 b5 17. Bh6 Bh8 18. hxg6 fxg6 19. g3 Bg7 20. Bh3 Rf8 21. Be6+
Kh8 22. Bxg7+ Qxg7 23. Rh6 e4 24. fxe4 Nxe4 25. Qe3 Nxg3 26. Rxh7+ Qxh7 27.
Qxg3 Qh6+ 28. Kc2 Rbd8 29. Rd2 Kg7 30. Qg1 Ra8 31. Qd4+ Rf6 32. Qb4 Qf4 33.
Qxb5 Raf8 34. Qd7+ Kh6 35. Re2 Qg3 36. Qxa7 Rf2 37. Rxf2 Rxf2+ 38. Kb3 Qh2 39.
Qa3 g5 40. Bg4 Kg6 41. Bd7 Kf6 42. Be6 Ke5 43. Bd7 Qg2 44. Bb5 Qxd5+ 45. Bc4
Qb7+ 46. Qb4 Qxb4+ 47. cxb4 g4 48. b5 d5 0-1

[Event "Championnat de Corse"]
[Site "Bastia"]
[Date "2012.06.26"]
[Round "4.2"]
[White "Brethes, Francois"]
[Black "Guillemart, Serge"]
[Result "1/2-1/2"]
[WhiteElo "2244"]
[BlackElo "1780"]
[PlyCount "76"]

1. d4 d6 2. c4 e5 3. dxe5 dxe5 4. Qxd8+ Kxd8 5. Nc3 Be6 6. Nf3 f6 7. e4 Nd7 8.
Be2 c6 9. O-O Kc7 10. a3 Nb6 11. b3 Bd6 12. Be3 Nd7 13. b4 Nh6 14. h3 Nf7 15.
Nd2 g6 16. c5 Be7 17. Bc4 Bxc4 18. Nxc4 f5 19. exf5 gxf5 20. f4 e4 21. Ne5
Nfxe5 22. fxe5 Nxe5 23. Rxf5 Ng6 24. Nxe4 Rhf8 25. g4 Rad8 26. Raf1 Rd3 27. Bf2
Kd7 28. Kg2 Nf4+ 29. Kh2 Rxh3+ 30. Kg1 Rxf5 31. gxf5 Ne2+ 32. Kg2 Nf4+ 33. Kg1
Ne2+ 34. Kg2 Nf4+ 35. Kg1 Ne2+ 36. Kg2 Nf4+ 37. Kg1 Ne2+ 38. Kg2 Nf4+ 1/2-1/2

[Event "Championnat de Corse"]
[Site "Bastia"]
[Date "2012.06.26"]
[Round "4.3"]
[White "Humeau, Cyril"]
[Black "Massoni, Michael"]
[Result "1/2-1/2"]
[WhiteElo "2279"]
[BlackElo "2360"]
[PlyCount "95"]

1. d4 Nf6 2. c4 e6 3. Nc3 Bb4 4. Bd2 O-O 5. Nf3 d6 6. Qc2 Nc6 7. a3 Bxc3 8.
Bxc3 Qe7 9. e4 e5 10. d5 Nb8 11. Be2 Nh5 12. Nxe5 Nf6 13. Nf3 Nxe4 14. O-O Nxc3
15. Qxc3 Bg4 16. Rfe1 Nd7 17. Bd3 Qf6 18. Qxf6 Nxf6 19. Nd4 Rfe8 20. f3 Bd7 21.
Kf2 Kf8 22. Bf5 Bxf5 23. Nxf5 Nd7 24. Rxe8+ Rxe8 25. Rc1 Nc5 26. Rc3 a5 27. b4
Na4 28. Rc2 g6 29. Ne3 Ra8 30. c5 axb4 31. axb4 dxc5 32. bxc5 Ra5 33. c6 bxc6
34. Rxc6 Rc5 35. Ra6 Nc3 36. d6 cxd6 37. Rxd6 Ra5 38. Rd2 Kg7 39. Rc2 Nd5 40.
Nxd5 Rxd5 41. h4 h5 42. Ra2 Rb5 43. Rd2 Ra5 44. Rb2 Rd5 45. Ra2 Rb5 46. Rc2 Ra5
47. Rd2 Rc5 48. Ra2 1/2-1/2

[Event "Championnat de Corse"]
[Site "Bastia"]
[Date "2012.06.26"]
[Round "4.4"]
[White "Battesti, Marc-Andria"]
[Black "Battesti, Saveriu"]
[Result "1/2-1/2"]
[WhiteElo "1988"]
[BlackElo "2000"]
[PlyCount "225"]

1. d4 Nf6 2. c4 c6 3. Nf3 d5 4. cxd5 cxd5 5. Nc3 e6 6. e3 Be7 7. Be2 O-O 8. O-O
a6 9. Ne5 Nfd7 10. Nd3 Nc6 11. Bd2 b5 12. a4 b4 13. Na2 a5 14. Rc1 Qb6 15. b3
Ba6 16. Nf4 Nf6 17. Bxa6 Qxa6 18. Qe2 Ne4 19. Rfd1 Qxe2 20. Nxe2 Rac8 21. f3
Nxd2 22. Rxd2 Na7 23. Rdc2 f6 24. Rc7 Rxc7 25. Rxc7 Nc8 26. Nac1 Kf7 27. Nd3
Nd6 28. Ra7 Rc8 29. Nc5 e5 30. Ng3 exd4 31. exd4 f5 32. Nh5 g5 33. Ng7 f4 34.
Nge6 h6 35. Nc7 Nf5 36. Nxd5 Rd8 37. Nxe7 Nxe7 38. Nd7 Ke8 39. Ne5 Rc8 40. Nc4
Kf8 41. Rxa5 Rd8 42. Ne5 Rxd4 43. Ra8+ Kg7 44. Ra7 Rd1+ 45. Kf2 Kf6 46. Ng4+
Ke6 47. Ra6+ Kd7 48. Ne5+ Kc7 49. Ra7+ Kd8 50. Nf7+ Ke8 51. Ne5 Nd5 52. Nc4 Rd3
53. a5 Rxb3 54. a6 Rc3 55. Ra8+ Ke7 56. a7 Rc2+ 57. Ke1 Ra2 58. Rh8 Nc7 59. Nb6
b3 60. Rh7+ Kd6 61. Nc4+ Kc6 62. Rxh6+ Kc5 63. Nb2 Rxb2 64. Rh7 Na8 65. Rh8 Ra2
66. Rxa8 b2 67. Rb8 Kd4 68. Rxb2 Rxa7 69. Kd2 Kc4 70. Rc2+ Kd4 71. Ke2 Ra1 72.
Rd2+ Ke5 73. Kf2 Rh1 74. h3 Ra1 75. Re2+ Kf5 76. Rb2 Ra5 77. Re2 Rb5 78. Kg1
Ra5 79. Kh2 Ra3 80. Re8 Kg6 81. Rh8 Kg7 82. Rd8 Kg6 83. Rd1 Ra6 84. Rd2 Rb6 85.
Kg1 Rb5 86. Kf2 Kf5 87. Ke2 Kg6 88. Kd3 Re5 89. Re2 Ra5 90. Rc2 Kh5 91. Kd4 Kh4
92. Re2 Kg3 93. Kc4 Ra1 94. Kd4 Rg1 95. Re5 Rxg2 96. Rxg5+ Kxf3 97. h4 Rd2+ 98.
Kc3 Rh2 99. h5 Ke2 100. Re5+ Kf2 101. Rf5 f3 102. Kd3 Rh4 103. Ra5 Kg2 104. Ke3
Rh1 105. Rg5+ Kh3 106. Kxf3 Kh4 107. Ra5 Rf1+ 108. Ke4 Re1+ 109. Kf3 Rf1+ 110.
Kg2 Rf6 111. Rb5 Rh6 112. Kf3 Rxh5 113. Rxh5+ 1/2-1/2

[Event "Championnat de Corse"]
[Site "Bastia"]
[Date "2012.06.27"]
[Round "5.1"]
[White "Battesti, Saveriu"]
[Black "Utrera, Ludovic"]
[Result "1-0"]
[WhiteElo "2000"]
[BlackElo "1953"]
[PlyCount "131"]

1. e4 c5 2. Nf3 e6 3. d4 cxd4 4. Nxd4 a6 5. c4 Nc6 6. Nc3 Nf6 7. Nxc6 dxc6 8.
Qxd8+ Kxd8 9. e5 Nd7 10. Bf4 Bb4 11. Rc1 Ke7 12. Be2 f6 13. a3 Bc5 14. Ne4 Bd4
15. exf6+ gxf6 16. Bd6+ Kf7 17. Bh5+ Kg7 18. b4 f5 19. Ng5 Nf6 20. Nf3 Bxf2+
21. Kxf2 Ne4+ 22. Ke3 Nxd6 23. Ne5 Kf6 24. Kf4 Rg8 25. Rhd1 Ne4 26. Bf3 Ng5 27.
Bh5 Ne4 28. Rc2 Ke7 29. Bf3 Nf6 30. Rcd2 Ra7 31. Bxc6 Nh5+ 32. Ke3 Kf6 33. Bf3
Kxe5 34. Bxh5 b5 35. c5 a5 36. Bf3 axb4 37. axb4 Rgg7 38. Rd8 Ra3+ 39. Kf2 Bb7
40. c6 Rxf3+ 41. gxf3 Bxc6 42. R1d6 Rc7 43. f4+ Kxf4 44. Rxe6 Be4 45. Rd2 Rg7
46. Rb6 Rg2+ 47. Ke1 Rg1+ 48. Ke2 h5 49. Kf2 Rh1 50. Rbd6 Rxh2+ 51. Kg1 Rh1+
52. Kf2 h4 53. Rd1 Rh2+ 54. Kg1 Rg2+ 55. Kh1 h3 56. R6d4 Rd2+ 57. Rxe4+ fxe4
58. Rxd2 e3 59. Rh2 Kg3 60. Kg1 Kg4 61. Kf1 Kg3 62. Re2 Kf3 63. Rh2 Kg3 64.
Rxh3+ Kxh3 65. Ke2 Kg4 66. Kxe3 1-0

[Event "Championnat de Corse"]
[Site "Bastia"]
[Date "2012.06.27"]
[Round "5.2"]
[White "Massoni, Michael"]
[Black "Battesti, Marc-Andria"]
[Result "1-0"]
[WhiteElo "2360"]
[BlackElo "1988"]
[PlyCount "47"]

1. e4 e6 2. Nc3 d5 3. Nf3 Nf6 4. e5 Nfd7 5. d4 c5 6. dxc5 Nc6 7. Bf4 Bxc5 8.
Bd3 f6 9. exf6 Nxf6 10. Qe2 O-O 11. O-O-O Qa5 12. Kb1 a6 13. Ne5 Nxe5 14. Bxe5
b5 15. Bxf6 Rxf6 16. Ne4 dxe4 17. Qxe4 Bb7 18. Qxh7+ Kf8 19. Qh8+ Ke7 20. Qxg7+
Rf7 21. Qg5+ Kd6 22. Be4+ Bd5 23. Rxd5+ exd5 24. Qxd5+ 1-0

[Event "Championnat de Corse"]
[Site "Bastia"]
[Date "2012.06.27"]
[Round "5.3"]
[White "Guillemart, Serge"]
[Black "Humeau, Cyril"]
[Result "0-1"]
[WhiteElo "1780"]
[BlackElo "2279"]
[PlyCount "54"]

1. e4 c5 2. Nf3 Nc6 3. Nc3 e5 4. Bc4 Be7 5. O-O d6 6. h3 Nf6 7. Ng5 O-O 8. f4
h6 9. Nf3 exf4 10. d3 g5 11. Bd2 Be6 12. Nd5 Ne5 13. Nxe5 dxe5 14. Qf3 Qd6 15.
Bc3 Nxd5 16. exd5 Bd7 17. Rae1 Bf6 18. Qe4 Rae8 19. g3 b5 20. gxf4 exf4 21. Bb3
Bxc3 22. bxc3 Rxe4 23. dxe4 c4 24. e5 Qc5+ 25. Kh2 cxb3 26. e6 fxe6 27. dxe6
Bc6 0-1

[Event "Championnat de Corse"]
[Site "Bastia"]
[Date "2012.06.27"]
[Round "5.4"]
[White "Luciani, Thibault"]
[Black "Brethes, Francois"]
[Result "0-1"]
[WhiteElo "1998"]
[BlackElo "2244"]
[PlyCount "111"]

1. d4 d5 2. c4 dxc4 3. Nf3 e6 4. e3 Nf6 5. Bxc4 a6 6. O-O c5 7. e4 b5 8. Bd3
Bb7 9. e5 Nd5 10. a3 cxd4 11. Nxd4 Nd7 12. Nxe6 Qb6 13. Nxf8 Nxf8 14. Be4 Rd8
15. Qf3 Ne6 16. Nc3 Nxc3 17. bxc3 Bxe4 18. Qxe4 Qc7 19. Be3 O-O 20. Bd4 Qc4 21.
Rfd1 Rd5 22. h3 h6 23. Qg4 Rfd8 24. Rac1 Qa4 25. f4 h5 26. Qxh5 Nxd4 27. cxd4
Rxd4 28. Rf1 Rxf4 29. Qg5 Qd4+ 30. Kh1 Rxf1+ 31. Rxf1 Re8 32. Qf5 Qd5 33. Rf4
g6 34. Qf6 Rxe5 35. Rh4 Re1+ 36. Kh2 Qe5+ 37. Qxe5 Rxe5 38. a4 Kf8 39. Rh8+ Ke7
40. Ra8 Re6 41. axb5 axb5 42. Rb8 Re5 43. Kg3 Kd6 44. Kf4 Rf5+ 45. Ke4 Kc5 46.
g4 Rf1 47. Rc8+ Kb4 48. h4 f5+ 49. gxf5 Rxf5 50. Rg8 Rh5 51. Rxg6 Rxh4+ 52. Kd3
Kb3 53. Rb6 b4 54. Kd2 Kb2 55. Ra6 b3 56. Rb6 0-1

[Event "Championnat de Corse"]
[Site "Bastia"]
[Date "2012.06.28"]
[Round "6.1"]
[White "Utrera, Ludovic"]
[Black "Brethes, Francois"]
[Result "0-1"]
[WhiteElo "1953"]
[BlackElo "2244"]
[PlyCount "122"]

1. e4 e6 2. d4 d5 3. Nd2 Nc6 4. c3 e5 5. exd5 Qxd5 6. Ngf3 exd4 7. Bc4 Qh5 8.
O-O Be6 9. Bxe6 fxe6 10. Qe2 O-O-O 11. Nxd4 Qxe2 12. Nxe2 Nf6 13. Nf3 Bc5 14.
Bf4 Rhf8 15. b4 Bd6 16. Bxd6 cxd6 17. Ned4 Nxd4 18. Nxd4 Kd7 19. Rad1 Rc8 20.
Nb5 Nd5 21. Nxa7 Rxc3 22. Nb5 Rc2 23. a3 Ke7 (23... Rf4) (23... Nc3 24. Rxd6+
Ke7 25. Rb6 Ne2+ 26. Kh1 Rxf2 27. Rxb7+) 24. Nd4 Ra2 25. Nxe6 Kxe6 26. Rfe1+
Kd7 27. Rxd5 Rfxf2 28. Rg5 g6 29. Rg3 Rfd2 30. h3 d5 31. Rf1 d4 32. Rf7+ Ke8
33. Rxh7 d3 34. Rxg6 Rxg2+ 35. Rxg2 Rxg2+ 36. Kxg2 d2 37. Rxb7 d1=Q 38. Rg7
Qe2+ 39. Kh1 Qf3+ 40. Kh2 Qxa3 41. Rg4 Kf7 42. Rf4+ Kg6 43. Rg4+ Kf5 44. Kg2
Qe3 45. Kh2 Qf3 46. Rg3 Qf4 47. b5 Qd2+ 48. Rg2 Qd6+ 49. Rg3 Kf4 50. b6 Qxb6
51. Rg4+ Kf3 52. Rg3+ Kf2 53. Rg2+ Kf1 54. h4 Qd6+ 55. Kh3 Qe6+ 56. Kh2 Qe5+
57. Kh3 Qf5+ 58. Kh2 Qf3 59. Ra2 Qf4+ 60. Kh3 Qf5+ 61. Kh2 Qe5+ 0-1

[Event "Championnat de Corse"]
[Site "Bastia"]
[Date "2012.06.28"]
[Round "6.3"]
[White "Battesti, Marc-Andria"]
[Black "Guillemart, Serge"]
[Result "1-0"]
[WhiteElo "1988"]
[BlackElo "1780"]
[PlyCount "135"]

1. d4 d6 2. e4 Nf6 3. Nc3 g6 4. Nf3 Bg7 5. Be2 O-O 6. O-O Nbd7 7. h3 e5 8. dxe5
Nxe5 9. Nxe5 dxe5 10. Bg5 c6 11. Qxd8 Rxd8 12. f4 Rd4 13. Rad1 Nh5 14. Bxh5
gxh5 15. f5 Bf8 16. Be3 Rxd1 17. Rxd1 b6 18. Ne2 h4 19. Bg5 Bc5+ 20. Kh2 Ba6
21. Ng1 Bf2 22. Rd6 c5 23. Nf3 Bb7 24. Bxh4 Bxh4 25. Nxh4 Bxe4 26. c3 c4 27.
Kg3 b5 28. a3 a5 29. Rb6 b4 30. cxb4 axb4 31. Rxb4 Bd3 32. f6 h5 33. Nf3 e4 34.
Ne1 e3 35. Kf3 e2 36. Ke3 Ra6 37. Rb8+ Kh7 38. Re8 Rd6 39. a4 Kg6 40. a5 Kxf6
41. a6 Rxa6 42. Nxd3 cxd3 43. Kxd3 Rd6+ 44. Kc2 Rc6+ 45. Kd2 Rd6+ 46. Ke1 Kg5
47. Rxe2 f5 48. b4 Kf4 49. Kf2 h4 50. Rb2 Rb6 51. b5 Ke4 52. Rb4+ Ke5 53. g3
hxg3+ 54. Kxg3 Rg6+ 55. Kf3 Rh6 56. h4 Kd5 57. b6 Rh8 58. b7 Rb8 59. Kf4 Ke6
60. Rb6+ Kf7 61. Kxf5 Kg7 62. h5 Kh7 63. h6 Rf8+ 64. Ke6 Rf1 65. b8=Q Re1+ 66.
Qe5 Rg1 67. Rb7+ Kxh6 68. Qh2+ 1-0

[Event "Championnat de Corse"]
[Site "Bastia"]
[Date "2012.06.28"]
[Round "6.4"]
[White "Battesti, Saveriu"]
[Black "Massoni, Michael"]
[Result "0-1"]
[WhiteElo "2000"]
[BlackElo "2360"]
[PlyCount "168"]

1. e4 c5 2. Nf3 e6 3. d4 cxd4 4. Nxd4 Nc6 5. Nc3 Qc7 6. Be2 Nf6 7. a3 a6 8. g4
h6 9. h4 b5 10. g5 hxg5 11. Bxg5 Bb7 12. Qd2 Rc8 13. Rh3 Qb6 14. O-O-O Nxd4 15.
Qxd4 Qxd4 16. Rxd4 Bc5 17. Bxf6 gxf6 18. Rd2 Ke7 19. f4 Bc6 20. Bd3 Rcg8 21.
Rdh2 Rg4 22. Ne2 Bd6 23. Kd2 Kf8 24. h5 Bxf4+ 25. Nxf4 Rxf4 26. Rg3 Rg8 27.
Rxg8+ Kxg8 28. Ke3 Rg4 29. Rf2 Kg7 30. h6+ Kxh6 31. Rxf6+ Kg7 32. Rf4 Rg5 33.
c4 bxc4 34. Bxc4 a5 35. Kd3 Rg3+ 36. Kd4 d6 37. e5 dxe5+ 38. Kxe5 Rg5+ 39. Kd6
Bd5 40. Bxd5 Rxd5+ 41. Ke7 Rf5 42. Rxf5 exf5 43. b4 axb4 44. axb4 f4 45. b5 f3
46. b6 f2 47. b7 f1=Q 48. b8=Q Qe2+ 49. Kd8 Qd3+ 50. Ke8 Qe4+ 51. Kd8 Qh4+ 52.
Kd7 Qh3+ 53. Kc6 Qc3+ 54. Kd5 Qd3+ 55. Kc5 Kg6 56. Qg8+ Kf6 57. Qh8+ Kg5 58.
Qg8+ Qg6 59. Qd8+ Qf6 60. Qd2+ Qf4 61. Qd8+ f6 62. Qg8+ Kf5 63. Qh7+ Kg4 64.
Qh1 f5 65. Qd1+ Qf3 66. Qg1+ Kh3 67. Qg6 f4 68. Qh6+ Kg2 69. Kd4 Qd1+ 70. Ke4
Qe2+ 71. Kd4 f3 72. Qg5+ Kf1 73. Qc1+ Kf2 74. Qf4 Qb2+ 75. Kc4 Qc2+ 76. Kd5
Qd3+ 77. Kc6 Qg6+ 78. Kb7 Kg2 79. Qd2+ f2 80. Qd5+ Kg1 81. Qc5 Kg2 82. Qd5+ Kh2
83. Qe5+ Qg3 84. Qh5+ Kg2 0-1

[Event "Championnat de Corse"]
[Site "Bastia"]
[Date "2012.06.29"]
[Round "7.1"]
[White "Massoni, Michael"]
[Black "Utrera, Ludovic"]
[Result "1-0"]
[WhiteElo "2360"]
[BlackElo "1953"]
[PlyCount "47"]

1. e4 c5 2. Nf3 e6 3. d4 cxd4 4. Nxd4 Nc6 5. Nb5 a6 6. Nd6+ Bxd6 7. Qxd6 Qe7 8.
Qg3 Qf6 9. Nc3 Nge7 10. Be3 d5 11. O-O-O d4 12. e5 Qxe5 13. Qxe5 Nxe5 14. Bxd4
N7c6 15. Bc5 f5 16. g3 Ne7 17. Bg2 N5c6 18. Na4 Bd7 19. Nb6 Rd8 20. Rhe1 e5 21.
Nc4 O-O 22. Bxc6 Nxc6 23. Bxf8 Kxf8 24. Nxe5 1-0